000
00291nam a2200121Ia 4500
008
231129s2001||||xx |||||||||||||| ||spa||
082
_a
ER- 455
100
_a
Coeducar
245
0
_a
Concurso de Cuento Solidaridad
260
_c
2001
264
_a
Manizales: La Patria 2001
942
_2
ddc
_c
BKS
999
_c
7854
_d
7854